Monografía histórica y minera sobre el distrito de Guanajuato /
Este texto se ocupa de un importante centro minero de México, el estado de Guanajuato, tejiendo un recorrido histórico que va desde sus comienzos en la Epoca Colonial hasta bien entrado el siglo XX. El libro está dividido según las diferentes minas existentes en todo el estado resaltando los sucesos...
I tiakina i:
| Kaituhi matua: | |
|---|---|
| Hōputu: | Pukapuka |
| Reo: | Pāniora |
| I whakaputaina: |
México :
Consejo de Recursos Naturales No Renovables,
1964, c1964
|
| Rangatū: | (Publicación del Consejo de Recursos Naturales No Renovables ;
17-E) |
| Ngā marau: | |
| Ngā Tūtohu: |
Kāore He Tūtohu, Me noho koe te mea tuatahi ki te tūtohu i tēnei pūkete!
|
MARC
| LEADER | 00000nam^a2200000^a^4500 | ||
|---|---|---|---|
| 001 | 000118566 | ||
| 005 | 20250521000000.0 | ||
| 009 | 20260310094244.554 | ||
| 037 | |a Acervo ITESO - Biblioteca | ||
| 041 | |a ESP | ||
| 082 | |a 972. 41 |b ANT | ||
| 100 | |a Antúnez Echagaray, Francisco |e (autor) | ||
| 245 | 1 | 0 | |a Monografía histórica y minera sobre el distrito de Guanajuato / |c F. Antúnez Echagaray ; pról. de Guillermo Aguilar y Maya. |
| 264 | 4 | |a México : |b Consejo de Recursos Naturales No Renovables, |c 1964, c1964 | |
| 300 | |a 588 p. | ||
| 336 | |a texto |b txt |2 rdacontenido | ||
| 337 | |a sin mediación |b n |2 rdamedio | ||
| 338 | |a volumen |b nc |2 rdasoporte | ||
| 440 | 1 | |a (Publicación del Consejo de Recursos Naturales No Renovables ; |v 17-E) | |
| 520 | |a Este texto se ocupa de un importante centro minero de México, el estado de Guanajuato, tejiendo un recorrido histórico que va desde sus comienzos en la Epoca Colonial hasta bien entrado el siglo XX. El libro está dividido según las diferentes minas existentes en todo el estado resaltando los sucesos históricos más sobresalientes de cada una de estas localidades. | ||
| 649 | |a XX | ||
| 650 | |a Minería - |z Guanajuato - |x Tema Principal | ||
| 650 | |a Minería - |z Guanajuato - |x Historia | ||
| 650 | |a Minería - |z México - |x Historia | ||
| 650 | |a Recursos Naturales - |z Guanajuato - |x Historia | ||
| 650 | |a Recursos Naturales - |z México - |x Historia | ||
| 650 | |a Economía - |z Guanajuato - |x Historia | ||
| 650 | |a Economía - |z México - |x Historia | ||
| 650 | |a Guanajuato - |x Historia - |x Tema Principal | ||
| 650 | |a México - |x Historia | ||
| 910 | |a Fondo Salvador Reynoso Reynoso | ||
| 920 | |a Impresos - Libros | ||
| 930 | |a Fondos Especiales | ||
| 905 | |a 112 | ||
| 901 | |a 0800005012 |b IT2 |c ESP |u 20250521 | ||
| 902 | |a https://opac.biblio.iteso.mx/vufind/Record/000118566 | ||